Записка П. Кузнецова: "О постановке туземного образования в Алжире" (о французско-туземных и мусульманских школах)

Доступно только в Электронных читальных залах Найти на картеНа карте
RUSMARC
00003811nmc2a22002533x 450
001daabfa8b-07a8-4d4c-89dd-acdd19823032
00520230715175438.0
100##$a20221221l19131913k l0rusy0189 ca
1010#$arus
102##$aRU
105##$ay###
1222#$ad
2001#$aЗаписка П. Кузнецова: "О постановке туземного образования в Алжире" (о французско-туземных и мусульманских школах)
$j17 июля - 26 августа 1913 г.
215##$a63 л.
$d36,5х26 см
251##$cДело
300##$aМатериалы о начальных школах в Германии и Франции
300##$aИз отчета о заграничной командировке
371##$aДокумент не является опубликованным и широко распространяемым
461#0$1001a74412a3-3cc5-4d21-8f0a-dfe2fbd9e72d
$12001
$aДепартамент народного просвещения Министерства народного просвещения (1803-1917)
$1251
$cФонд
$1852
$j733
462#0$1001e7457a9b-6ab2-47cb-b3ed-bfff162542f9
$12001
$aРазряд учительских институтов, семинарий и низших учебных заведений
$1251
$cОпись
$1852
$j227
801#0$aRU
$bРГИА
$c20221221
$gRCR
801#1$aRU
$bГлавНИВЦ
$c20221221
$2rusmarc
801#2$aRU
$bПБ им. Б.Н. Ельцина
$c20230715
$gRCR
$2rusmarc
850##$aРГИА
852##$aРГИА
$eФедеральное казенное учреждение "Российский государственный исторический архив" (РГИА)
$j185
937##$hРГИА
$d12396161
$aASBIBLIO_SCAN
035##$aRusGRCC00057404
856##$uhttp://readingroom.main.prlib.ru/item.aspx?id_node=n186550582&mode=full
Формат отображения